Documento de Hoy. Los riesgos de guerra y el despilfarro energético de EU

Wedi'i Gadw mewn:
Manylion Llyfryddiaeth
Fformat: Texto
Cyhoeddwyd: México D.F.: Proyecto Lázaro Cárdenas
Rhifyn:0
Tagiau: Ychwanegu Tag
Dim Tagiau, Byddwch y cyntaf i dagio'r cofnod hwn!

MARC

LEADER 00000 a a2200000 04500
001 24890
003
040
090 |a 179500  
245 |a Documento de Hoy. Los riesgos de guerra y el despilfarro energético de EU  
250 |a 0  
260 |a México D.F.:   |b Proyecto Lázaro Cárdenas  
300 |a 3 p.  
999 |c 3179  |d 3179